ბათუმის შოთა რუსთაველის სახელმწიფო უნივერსიტეტის ბიბლიოთეკა

Применение топлив и смазочных материалов. (ბიბ.ჩანაწერი № 40473)

000 -LEADER
fixed length control field 00729nam a2200217Ia 4500
001 - CONTROL NUMBER
control field 7084
003 - CONTROL NUMBER IDENTIFIER
control field GE_BSU
008 - FIXED-LENGTH DATA ELEMENTS--GENERAL INFORMATION
fixed length control field 181216s||||||||xx |||||||||||||| ||und||
040 ## - CATALOGING SOURCE
Transcribing agency GE_BSU
080 ## - UNIVERSAL DECIMAL CLASSIFICATION NUMBER
Universal Decimal Classification number 662.75.004(075)
100 ## - MAIN ENTRY--PERSONAL NAME
Personal name Бобров,Н.Н. Воропай,П.И.
245 ## - TITLE STATEMENT
Title Применение топлив и смазочных материалов.
245 ## - TITLE STATEMENT
Statement of responsibility, etc. Под общ. ред. Н.Н.Боброва.
250 ## - EDITION STATEMENT
Edition statement Второе переработанное и дополненное издание.
260 ## - PUBLICATION, DISTRIBUTION, ETC.
Place of publication, distribution, etc. М.
260 ## - PUBLICATION, DISTRIBUTION, ETC.
Name of publisher, distributor, etc. Недра.
260 ## - PUBLICATION, DISTRIBUTION, ETC.
Date of publication, distribution, etc. 1968.
300 ## - PHYSICAL DESCRIPTION
Extent 488стр.22см.
653 ## - INDEX TERM--UNCONTROLLED
Uncontrolled term Применение топлив и смазочных материалов.
942 ## - ADDED ENTRY ELEMENTS (KOHA)
Koha item type წიგნი
ეგზემპლარები
Withdrawn status Lost status Damaged status Not for loan Date acquired Barcode Date last seen Price effective from Koha item type
        2018-12-17 9659 2018-12-17 2018-12-17 წიგნი
        2018-12-17 9660 2018-12-17 2018-12-17 წიგნი
        2018-12-17 9661 2018-12-17 2018-12-17 წიგნი